000 00593nam a2200241 a 4500
001 nice12345678
003 IN_TiNIC
005 20260116012501.0
008 050524s0000 dela grp 000 0 eng
020 _a
_c100
082 0 0 _a297.52
_bFAR
100 _aFarias, Terence
245 _aSelections from Muslim Sources
260 _aDelhi
_bIslamic Studies Assn.Tpi
_c0000
300 _a26p
500 _aincludes index and biblioraphy
505 2 _aBibliography, Index
650 _aIslam-Prayers
700 1 _aFarias, Terence
902 _bSRS
942 _cBK
999 _c7185
_d7185